| 000 | 00805nam a2200241 a 4500 | ||
|---|---|---|---|
| 005 | 20240221063732.0 | ||
| 008 | 030902s1988 mx r 000 0 spa d | ||
| 020 | _a9505822333 (v.1) | ||
| 020 | _a9505822325 (v.2) | ||
| 035 | _aUPN01000128347 | ||
| 049 | _aCG | ||
| 050 | 4 |
_aH62 _bU7.4 |
|
| 100 | 1 | _aUrrutia Boloña, Carlos | |
| 245 | 1 | 3 |
_aLa investigación social : _bII curso de capacitación a distancia / _cCarlos Urrutia Boloña. |
| 260 |
_aBuenos Aires : _bHvmanitas, _c1988. |
||
| 300 | _a2 v. | ||
| 440 | 0 | _aHvmanitas-CELATS | |
| 505 | 8 |
_aContenido: _gv.1 _tIntroducción -- _gv.2 _tEn la práctica del trabajador social |
|
| 650 | 4 |
_aCiencias sociales _xInvestigación _97497 |
|
| 650 | 4 |
_aCiencias sociales _xMetodología _96208 |
|
| 650 | 4 |
_aEducación a distancia _97924 |
|
| 905 | _aLibro | ||
| 999 |
_c100526 _d100526 |
||